00903nam a22001817a 4500003000900000005001700009008004100026040001300067100005600080245009200136260003800228300001800266490005900284500024700343942001200590999001900602952010000621IT-RoPau20220918181220.0140512b xxu||||| |||| 00| 0 eng d cIT-RoPau aPie Discepole Divin Maestro Provincia Italia924682 aVerso il futurobDimentico del passato, proteso verso il futuro, corro verso la meta... aRomabPDDM Provincia Italiac2002 a32 pp.c21 cm aBollettino interno N. 1. Anno IIvGennaio - Marzo 2002 aIndice Và nella terra che io ti mostrerò A proposito de "La luna e il dito" Familiarità e amicizia La dimensione vocazionale nei ritiri ed esercici spirituali La Parola annunciata e spezzata Il sogno condiviso...è realtà che inizia 2ddccBK c104358d104358 00102ddc406P_D571aPAULUSbPAULUSd2014-05-12l0oP D5r2014-05-12 00:00:00w2014-05-12yBK